Catálogo

El manual del autismo : (Registro nro. 61244)

Detalles MARC
000 -LEADER
fixed length control field 00902nam a2200241 u 4500
001 - CONTROL NUMBER
control field 61244
005 - DATE AND TIME OF LATEST TRANSACTION
control field 20180714062813.0
008 - FIXED-LENGTH DATA ELEMENTS--GENERAL INFORMATION
fixed length control field 140604s2009 xxc r 000 0 spa d
020 ## - INTERNATIONAL STANDARD BOOK NUMBER
International Standard Book Number 978-1-926585-51-2
082 0# - DEWEY DECIMAL CLASSIFICATION NUMBER
Classification number 371.94
Item number GEO
100 1# - MAIN ENTRY--PERSONAL NAME
Personal name George, Jack E.,
Relator term autor
245 13 - TITLE STATEMENT
Title El manual del autismo :
Remainder of title información fácil de asimilar, visión, perspectivas y estudios de casos de un maestro de educación especial /
Statement of responsibility, etc. Jack E. George.
250 ## - EDITION STATEMENT
Edition statement Primera Edición
264 #1 - PRODUCTION, PUBLICATION, DISTRIBUTION, MANUFACTURE, AND COPYRIGHT NOTICE
Place of production, publication, distribution, manufacture Columbia Británica, Canadá :
Name of producer, publisher, distributor, manufacturer Book Publishers,
Date of production, publication, distribution, manufacture, or copyright notice 2009
300 ## - PHYSICAL DESCRIPTION
Extent ix,173 páginas ;
Dimensions 21 cm.
336 ## - CONTENT TYPE
Content type term texto
Source rdacontent
337 ## - MEDIA TYPE
Media type term sin mediación
Source rdamedia
338 ## - CARRIER TYPE
Carrier type term volumen
Source rdacarrier
650 #1 - SUBJECT ADDED ENTRY--TOPICAL TERM
Topical term or geographic name entry element Niños autistas
General subdivision Educación
Geographic subdivision Estados Unidos
650 #1 - SUBJECT ADDED ENTRY--TOPICAL TERM
Topical term or geographic name entry element Autismo
General subdivision Educación especial
700 1# - ADDED ENTRY--PERSONAL NAME
Personal name Ruíz Zavaleta, Edson,
Relator term traductor
700 1# - ADDED ENTRY--PERSONAL NAME
Personal name Padilla, Mabel,
Relator term editor
Existencias
Withdrawn status Lost status Source of classification or shelving scheme Damaged status Not for loan Collection code Home library Current library Shelving location Date acquired Source of acquisition Inventory number Total Checkouts Total Renewals Full call number Barcode Date last seen Date last checked out Price effective from Koha item type
    Dewey Decimal Classification     General Biblioteca Karol Wojtyla Biblioteca Karol Wojtyla Sala general 11/09/2014 Compra 151000000000000000041179 4 1 371.94 GEO 2009 91800 05/01/2026 27/02/2025 11/09/2014 Libro
    Dewey Decimal Classification     General Biblioteca Karol Wojtyla Biblioteca Karol Wojtyla Sala general 11/09/2014 Compra 151000000000000000041180 4 1 371.94 GEO 2009 91799 05/01/2026 24/08/2024 11/09/2014 Libro